000 01239nam0a2200325 i 4500
001 RU\NLR\BIBL_A\011252003
005 20240921205448.0
010 _a9785699919284
_94000
021 _aRU
_b2016-77398
_95036
035 _a(NILC)RuMoRGB-008644171
035 _a(NLR Aleph) 011252003
090 _a12172429
_c12172429
100 _a20161021d2016 u y0rusy50 ca
101 0 _arus
102 _aRU
105 _aa|||z||||||y|
200 1 _aОстеохондроз? Лучшие лечебные упражнения
_eзабыть о боли, двигаться с удовольствием
_fВ. И. Дикуль
210 _aМосква
_cЭ
_d2016
215 _a141 с.
_cил.
_d17
225 1 _aЛегендарные упражнения для спины и суставов
333 _a12+
606 1 _aОстеохондроз позвоночника
_jПопулярные издания
_xЛечебная гимнастика
_91492055
_3RU\NLR\AUTH\66642339
675 _a617.5
686 1 _aР458.250.401-541.1я9
700 1 _aДикуль
_bВ. И.
_f1948-
_gВалентин Иванович
801 0 _aRU
_bРГБ
_c20161010
_gRCR
942 _cBOOK
980 _aNBR